00668nam a2200229Ia 4500003000900000008004100009040001300050040001300063041000800076100002400084245003200108250001300140260001200153260000900165300001100174300001000185490002900195490000700224942000700231999001700238952018300255IT-RoPAU120407s9999 xx 000 0 und d aIT-RoPAU cIT-RoPAU aita aCharles Harold Dodd aL’autorità della bibbia aBrescia  aPaideia c1970 a304 p. c21 cm a Bibl. cultura religiosa v21 cBK c32014d32014 00102ddc406208_12210000000000071aPAULUSbPAULUSd2012-04-11l0o208.1221r2012-04-11 00:00:00w2012-04-11yBKzInserito da: In data: n.d. fondo: Via A.Severo 56 Progr:16874